Southville International School and Colleges
Your cart is empty.
  • Cart
  • Lists
    Public lists Eva Luna New books Lux_list list_1
    Your lists Log in to create your own lists
  • Log in to your account
  • Your cookies
  • Search history
Southville International School and Colleges
  • Advanced search
  • Recent comments
  • Most popular
  • Libraries

Log in to your account

Log in with GOOGLE


If you do not have an external account, but do have a local account, you can still log in:

  1. Home
  2. MARC view: Cosmopolite 1:
Normal view MARC view ISBD view

Cosmopolite 1: (Record no. 360340)

[ view plain ]
MARC details
000 -LEADER
fixed length control field 00602nam a2200193Ia 4500
003 - CONTROL NUMBER IDENTIFIER
control field SISC
005 - DATE AND TIME OF LATEST TRANSACTION
control field 20240912141126.0
008 - FIXED-LENGTH DATA ELEMENTS--GENERAL INFORMATION
fixed length control field 190109s9999 xx 000 0 und d
020 ## - INTERNATIONAL STANDARD BOOK NUMBER
International Standard Book Number 9782014015973
050 ## - LIBRARY OF CONGRESS CALL NUMBER
Classification number PC 2119
Item number .H669 2017
100 ## - MAIN ENTRY--PERSONAL NAME
Personal name Hirschsprung, Nathalie
245 ## - TITLE STATEMENT
Statement of responsibility, etc Nathalie Hirschsprung, Tony Tricot
Title Cosmopolite 1:
Remainder of title méthode de français A1/
260 ## - PUBLICATION, DISTRIBUTION, ETC. (IMPRINT)
Place of publication, distribution, etc Paris:
Name of publisher, distributor, etc Hachette Livre
Date of publication, distribution, etc 2017
300 ## - PHYSICAL DESCRIPTION
Extent 222 pages :
Other physical details col. illustrations ;
Dimensions 280 cm.
650 ## - SUBJECT ADDED ENTRY--TOPICAL TERM
Topical term or geographic name as entry element French language -- spoken french
650 ## - SUBJECT ADDED ENTRY--TOPICAL TERM
Topical term or geographic name as entry element French language
700 ## - ADDED ENTRY--PERSONAL NAME
Personal name Tricot, Tony
Relator term author.
942 ## - ADDED ENTRY ELEMENTS (KOHA)
Source of classification or shelving scheme Library of Congress Classification
Koha item type Books
Holdings
Withdrawn status Lost status Source of classification or shelving scheme Damaged status Home library Current library Shelving location Date acquired Source of acquisition Total Checkouts Total Renewals Full call number Barcode Date last seen Date checked out Copy number Price effective from Koha item type Public note
    Library of Congress Classification   Luxembourg Library Luxembourg Library Teachers Reference Section 01/09/2019 Donation 1 1 PC 2119 .H669 2017 20706 12/09/2019 11/13/2019 1 01/09/2019 Books Replaced by Sir Calixto Obong Jr. the Equippe nouvelle 1 (Barcode: 19557)
    Library of Congress Classification   Luxembourg Library Luxembourg Library Teachers Reference Section 09/10/2024 Library Fund     PC 2119 .H669 2017 21236 09/10/2024   2 09/10/2024 Books  

Cosmopolite 1:

APA

Hirschsprung N., Tricot T., . (2017). Cosmopolite 1. Paris: Hachette Livre.

Chicago

Hirschsprung Nathalie, Tricot Tony, . 2017. Cosmopolite 1. Paris: Hachette Livre.

Harvard

Hirschsprung N., Tricot T., . (2017). Cosmopolite 1. Paris: Hachette Livre.

MLA

Hirschsprung Nathalie, Tricot Tony, . Cosmopolite 1. Paris: Hachette Livre. 2017.

  • Place hold
  • Print
  • Cite
  • Add to your cart (remove)
  • Save record
    BIBTEX Dublin Core MARCXML MARC (non-Unicode/MARC-8) MARC (Unicode/UTF-8) MARC (Unicode/UTF-8, Standard) MODS (XML) RIS
  • More searches
    Search for this title in:
    Other Libraries (WorldCat) Other Databases (Google Scholar) Online Stores (Bookfinder.com) Open Library (openlibrary.org)

Exporting to Dublin Core...

SOUTHVILLE LIBRARY

Southville International School and Colleges Library

1281 Tropical Ave. Cor. Luxembourg St., BF Homes International, Las Pinas City

Tel. No. 8256374 / 252358 Loc. 117/146

Powered by Koha